00801nam a2200181 a 450000100100000000500170001000800410002704000250006808200150009310000210010824500760012925000110020526000720021630000280028850502410031670000330055770000290059000004586220260305073952.0110831s1985 dr 000 0 spa d aDO-SdBNPbspacBNPHU axxxxbxxxx1 aMontás, Onorio10aArte Taíno /cOnorio Montás, Pedro José Borrell, Frank Moya Pons. a2a ed. aSanto Domingo :bBanco Central de la República Dominicana,c1985. a231 p. :bil. ;c32 cm.0 tPresentación --tLos Taínos --tObjetivos utilizados en el ritual de la cohoba --tAdornos personales --tRecipientes --tObjetos utilitarios --tObjetos y diseños ceremoniales o de juego --tColeccionistas --tIsla de procedencia1 aBorrell B., Pedro J.,d1944-1 aMoya Pons, Frank,d1944-